Mass culture of the rotifer, Brabchionus plicatilis, for use as foodstuff in aquaculture
Đã lưu trong:
| 主要作者: | |
|---|---|
| 格式: | 圖書 |
| 語言: | Undetermined |
| 出版: |
Texas, U.S.A.
U.S. Dept. of Commerce
1979
|
| 主題: | |
| 標簽: |
添加標簽
沒有標簽, 成為第一個標記此記錄!
|
| Thư viện lưu trữ: | Trung tâm Học liệu Trường Đại học Cần Thơ |
|---|
| LEADER | 00564nam a2200181Ia 4500 | ||
|---|---|---|---|
| 001 | CTU_150073 | ||
| 008 | 210402s9999 xx 000 0 und d | ||
| 082 | |a 577.6 | ||
| 082 | |b F678 | ||
| 100 | |a Fontaine, Clark T. | ||
| 245 | 0 | |a Mass culture of the rotifer, Brabchionus plicatilis, for use as foodstuff in aquaculture | |
| 245 | 0 | |c Clark T. Fontaine, Dickie B. Revera | |
| 260 | |a Texas, U.S.A. | ||
| 260 | |b U.S. Dept. of Commerce | ||
| 260 | |c 1979 | ||
| 650 | |a Aquatic ecology | ||
| 904 | |i Giang | ||
| 980 | |a Trung tâm Học liệu Trường Đại học Cần Thơ | ||